Lets Talk about : Being Selfish (Registro nro. 47923)
[ vista simple ]
| 000 -LÍDER | |
|---|---|
| Campo fijo de descripción fija | 004500000a22001690004500 |
| 001 - NÚMERO DE CONTROL | |
| Campo de control | 768714 |
| 003 - IDENTIFICADOR DEL NÚMERO DE CONTROL | |
| Campo de control | CO-MdBIC |
| 005 - FECHA Y HORA DE LA ULTIMA TRANSACCIÓN | |
| control field | 20220422183958.0 |
| 040 ## - FUENTE DE CATALOGACIÓN | |
| Idioma de catalogación | spa. |
| Agencia que realiza la transcripción | CO-MdBIC |
| 082 04 - NÚMERO DE CLASIFICACIÓN DECIMAL DEWEY | |
| Número de clasificación | 22 |
| Número de la edición del Dewey | 813C |
| Clave de autor-Numero de item | B45b |
| 100 1# - ASIENTO PRINCIPAL--NOMBRE PERSONAL | |
| Nombre personal | Berry, Joy |
| 245 10 - TÍTULO | |
| Título del Material | Lets Talk about : Being Selfish |
| Mención de responsabilidad, etc. | / Joy Berry, ilustrador John Costanza |
| 260 ## - PUBLICACIÓN, DISTRIBUCIÓN, ETC. (PIE DE IMPRENTA) | |
| Lugar de publicación, distribución, etc. | [S.L.] Grolier Enterprises |
| 300 ## - DESCRIPCIÓN FÍSICA | |
| Extensión | 32 páginas; |
| Otros detalles físicos | ilustrador: |
| Dimensiones | 12 cm. |
| 650 14 - ASIENTO SECUNDARIO DE MATERIA - TERMINO TEMÁTICO | |
| Término temático o nombre geográfico como elemento de entrada | Literatura Infantil |
| 942 ## - TIPO DE MATERIAL (KOHA) | |
| Tipo de Item KOHA | Z- Libro General BINCO |
| Estado de Material | Estado de Perdido | Forma de Clasificación | Estado de Dañado | No para Préstamo | Tomo | Biblioteca de Origen | Biblioteca Permanente | Fecha de Adquisición | Total de Préstamos | Signatura Topográfica | Código de Barras | Última vez visto | Ejemplar/Existencia | Fecha de Remplazo | Tipo de Material |
|---|---|---|---|---|---|---|---|---|---|---|---|---|---|---|---|
| Dewey Decimal Classification | Biblioteca Infantil Comunitaria BINCO | Biblioteca Infantil Comunitaria BINCO | 02/04/2006 | 813C B45b | B30406 | 26/01/2016 | 1 | 26/01/2016 | Z- Libro General BINCO |
